000 01559cam a2200409 a 4500
999 _c330958
_d330958
001 14858955
003 NUST
005 20180117090029.0
008 070521s2006 enk b 001 0 eng d
010 _a 2007297207
015 _aGBA677337
_2bnb
015 _aGBA672487
_2bnb
016 7 _a013548081
_2Uk
016 7 _a013537395
_2Uk
020 _a1412933935 (hbk.)
020 _a9781412933933 (hbk.)
020 _a1412933943 (pbk.)
020 _a9781412933940 (pbk.)
035 _a(OCoLC)ocm71164825
040 _aUKM
_cUKM
_dYDXCP
_dBAKER
_dC#P
_dDLC
042 _alccopycat
050 0 0 _aBF637.P36
_bN44 2007
082 0 4 _a158.3
_222
100 1 _aNelson-Jones, Richard.
_94206
245 1 0 _aLife coaching skills :
_bhow to develop skilled clients /
_cRichard Nelson-Jones.
260 _aLondon ;
_aThousand Oaks :
_bSAGE Publications,
_c2007.
300 _axi, 228 p. ;
_c25 cm.
504 _aIncludes bibliographical references (p. [220]-223) and indexes.
650 0 _aPersonal coaching.
_94009
650 0 _aCounseling.
_94000
856 4 2 _3Publisher description
_uhttp://www.loc.gov/catdir/enhancements/fy0728/2007297207-d.html
856 4 1 _3Table of contents only
_uhttp://www.loc.gov/catdir/enhancements/fy0728/2007297207-t.html
906 _a7
_bcbc
_ccopycat
_d2
_encip
_f20
_gy-gencatlg
942 _2ddc
_cBK